Plánování ve výrobním družstevnictví
Salvato in:
| Autore principale: | |
|---|---|
| Altri autori: | |
| Natura: | Libro |
| Lingua: | ceco |
| Pubblicazione: |
Praha
Svépomoc
1986
|
| Edizione: | 1. vyd. |
| Tags: |
Nessun Tag, puoi essere il primo ad aggiungerne!!
|
MARC
| LEADER | 00000nam a2200000 4500 | ||
|---|---|---|---|
| 001 | c034187 | ||
| 005 | 20221220072319.2 | ||
| 041 | 0 | |a cze | |
| 044 | |a CZ | ||
| 245 | 1 | 0 | |a Plánování ve výrobním družstevnictví |c Rudolf Michek, Karel Starý |
| 250 | |a 1. vyd. | ||
| 264 | 1 | |a Praha |b Svépomoc |c 1986 | |
| 300 | |a 179 s. | ||
| 100 | 1 | |a Michek, Rudolf | |
| 700 | 1 | |a Starý, Karel | |